Регионална библиотека "Любен Каравелов" - Русе

История на света (Запис номер 82323)

MARC детайли
000 -Лидер
Контролно поле с фиксирана дължина 02105nam a2200421 c 4500
003 - Код на организацията, давaща контролен номер
Контролно поле BLK
005 - Дата и час на последна редакция
Контролно поле 20250617143831.0
008 - Елементи от данни с фиксирана дължина
fixed length control field 180408b bul|||||r ||||||| ||bul||
010 ## - Наследен системен номер
LC control number KNG00086847000
020 ## - Международен стандартен номер на книга ISBN
Международен стандартен номер на книга ISBN 978-954-8517-45-4
-- издат.: Унив. изд. Св. Климент Охридски - на том(т. 3)(ICON)
040 ## - Източник на каталожния запис
Идентификатор на билиотеката - собственик на записа BLK
041 ## - Код за език
Код за езика на текст/звукозапис или на отделно заглавие Български
Код за езика КДБФ Български
080 ## - УДК
Текстов определител УДК История. Вж и (091) ; (093)
УДК код - определител по УДК 93/99
УДК определител
УДК - код + определител 93/99
080 ## - УДК
Текстов определител УДК История на Гърция (до 323 г. н. е.). Древна Гърция
УДК код - определител по УДК 94(38)
УДК определител
УДК - код + определител 94(38)
139 ## - Редно поле
Редна дума История на света
Авторски знак Истор - И 95
245 10 - Сведения за заглавието
Заглавие История на света
Подзаглавни данни Т. 1 -
Редно поле (дума) под ръков. на Жан Гийом; под ръков. на Георги Бакалов; авт. на том Анри Ефентер; прев. на том Милен Атанасов.
Том Т. 3
Заглавие на том Гръцката епоха (От 550 г. до 270 г. пр.Хр.)
257 ## - Страна на издаване
Страна на създаване/издаване Франция
260 ## - Област на издателските данни
-- София
Име на издателя, разпространителя и проч. ICON
Година на издаване 2007 -
Печатница София : Унив. изд. Св. Кл. Охридски
300 ## - Физическа характеристика
Размери/Мащаб 24 см
380 ## - Жанр
Жанр История
490 1# - СЕРИИ (Колекции)
Име на серия Larousse
500 ## - Общи забележки
Забележка Ориг. загл. Histoire universelle
650 #4 - Допълнително описание по предмет – тема
Основно описание – тема или топоним История, световна
9 (RLIN) 261939
650 #4 - Допълнително описание по предмет – тема
Основно описание – тема или топоним Древна Гърция - история
9 (RLIN) 244549
653 ## - Ключова дума – ненормативна
Ключова дума история на света
653 ## - Ключова дума – ненормативна
Ключова дума Древна Гърция
700 1# - Други автори (авторска отговорност)
Лично име Гийом, Жан
Автороска отговорност (Описва отношението между автора и произведението) под ръков. на
9 (RLIN) 297445
700 1# - Други автори (авторска отговорност)
Лично име Бакалов, Георги
Автороска отговорност (Описва отношението между автора и произведението) под ръков. на
9 (RLIN) 363975
700 1# - Други автори (авторска отговорност)
Лично име Ефентер, Анри
Автороска отговорност (Описва отношението между автора и произведението) авт. на том
9 (RLIN) 67692
700 1# - Други автори (авторска отговорност)
Лично име Атанасов, Милен
Автороска отговорност (Описва отношението между автора и произведението) прев. на том
9 (RLIN) 366719
760 1# - Описание на основната серия
-- - на том(т. 3)(ICON)
Място на издаване, издател и година Унив. изд. Св. Климент Охридски, 2008
Страници - том 456 с. : с ил.
Забележка - том Индекс
Заглавие Т. 3 Гръцката епоха (От 550 г. до 270 г. пр.Хр.)
852 ## - Местоположение
Форматна сигнатура Цб 237374
856 4# - Електронен адрес и достъп
Електронен формат pdf - файл
Път до файла /url/
856 4# - Електронен адрес и достъп
Електронен формат pdf - файл
Път до файла /url/
942 ## - АРТИКУЛИ
Вид на библиотечния материал Книги
Скрит в OPAC Не
Koha issues (borrowed), all copies 6
944 ## - СЪЗДАВАНЕ И РЕДАКЦИЯ на ЗАПИСА
Създаване/Редакция Създаване
Дата на регистрацията/редакция 09.12.2008
Статус, дата на статуса Цветелина Шанова
Служител, извършил регистрацията/редакцията 30531
944 ## - СЪЗДАВАНЕ И РЕДАКЦИЯ на ЗАПИСА
Създаване/Редакция Редакция
Дата на регистрацията/редакция 25.01.2010
Статус, дата на статуса ф /
Служител, извършил регистрацията/редакцията
999 ## - СИСТЕМНИ КОНТРОЛНИ НОМЕРА
Koha biblionumber 82323
Koha biblioitemnumber 82323
Наличности
Код за отписване Код за изгубен артикул Източник на класификационната схема Код за повреда Коз за рестрикции Код за отдаване Артикулен № Име на библиотеката - собственик Име на библиотеката, в която се намира в момента Статус (Текущо местоположение) Дата на вписване в системата Местоположение - отдел Цена в лева Инвентарен номер Систематично азбучна сигнатура Баркод Номер на екземпляра Цена в евро Служебна бележка Служебен тип на артикула
  Не е изгубен Universal Decimal Classification Не е повреден без рестрикции заемане за дома 133787 Регионална библиотека "Любен Каравелов" Русе Регионална библиотека "Любен Каравелов" Русе Дубликат 2008-12-09 Заемна - подръчен фонд 20.00 120000731999 93/94/И 95 120000731999 1 10.23 Дост: Pk Вид: Ф N: 11850 Дата: 07.12.2008 Дата инв: 07.02.2018 Бележки инв: П2018 Книги
  Не е изгубен Universal Decimal Classification Не е повреден без рестрикции ползва се в читалня 133788 Регионална библиотека "Любен Каравелов" Русе Регионална библиотека "Любен Каравелов" Русе Читалня 2008-12-09 Читалня 20.00 120000732000 Ч 93/94/И 95 120000732000 2 10.23 Дост: Pk Вид: Ф N: 11850 Дата: 07.12.2008 Дата инв: 28.03.2017 Бележки инв: Ч2017 Книги
  Не е изгубен   Не е повреден без рестрикции ползва се в читалня 133789 Регионална библиотека "Любен Каравелов" Русе Регионална библиотека "Любен Каравелов" Русе Хранилище 2010-01-26 Основен фонд - ползва се само за читалня 20.00 120000741326 Цб 237374 120000741326 3 10.23 Дост: DA Вид: А N: 2 Дата: 26.01.2010 Книги
  Не е изгубен Universal Decimal Classification Не е повреден без рестрикции заемане за дома 133790 Регионална библиотека "Любен Каравелов" Русе Регионална библиотека "Любен Каравелов" Русе Заемна - подръчен фонд 2010-01-26 Заемна - подръчен фонд 20.00 120000741327 93/94/И 95 120000741327 4 10.23 Дост: DA Вид: А N: 2 Дата: 26.01.2010 Дата инв: 07.02.2018 Бележки инв: П2018 Книги
  Не е изгубен Universal Decimal Classification Не е повреден без рестрикции заемане за дома 133791 Регионална библиотека "Любен Каравелов" Русе Регионална библиотека "Любен Каравелов" Русе Заемна - подръчен фонд 2010-01-26 Заемна - подръчен фонд 20.00 120000741328 93/94/И 95 120000741328 5 10.23 Дост: DA Вид: А N: 2 Дата: 26.01.2010 Дата инв: 07.02.2018 Бележки инв: П2018 Книги
  Не е изгубен Universal Decimal Classification Не е повреден без рестрикции заемане за дома 133792 Регионална библиотека "Любен Каравелов" Русе Регионална библиотека "Любен Каравелов" Русе Заемна - подръчен фонд 2010-01-26 Заемна - подръчен фонд 20.00 120000741329 93/94/И 95 120000741329 6 10.23 Дост: DA Вид: А N: 2 Дата: 26.01.2010 Дата инв: 07.02.2018 Бележки инв: П2018 Книги
Vip Innovations Ltd, Rousse, Bulgaria 2025